Szczegóły MARC21

Uszczelnienie systemu podatkowego w Polsce /

003 -Nazwa inst., której nr kontr. jest w polu 001 [,]
    • @
    • Nazwa instytucji, której n kontrolny jest w polu 001
    • NUKAT
005 -DATA I CZAS OSTATNIEJ MODYFIKACJI [,]
    • @
    • pole kontrolne
    • 20250911013035.0
020 -Międzynarod. znormalizowany nr książki - ISBN [ , ]
    • a
    • Numer ISBN
    • 9788382236897 Find
040 -Instytucja sporządzająca opis [ , ]
    • a
    • Instytucja, która sporządziła opis (NP)
    • BSTOK U/MK
    • b
    • Język katalogowania
    • pol
    • e
    • Zasady katalogowania
    • rda
    • c
    • Instytucja, która sporządziła rekord (NP)
    • BSTOK U/MK
    • d
    • Instytucja, która zmodyfikowała rekord (P)
    • BSTOK U/MK
    • d
    • Instytucja, która zmodyfikowała rekord (P)
    • WR U/PAdml
    • d
    • Instytucja, która zmodyfikowała rekord (P)
    • KAT U/MPs
    • d
    • Instytucja, która zmodyfikowała rekord (P)
    • WA 14/PTs
942 -Rodzaj dokumentu [ , ]
    • c
    • Rodzaj dokumentu
    • Książka
245 -Strefa tytułu i oznaczenia odpowiedzialności [0,0]
    • a
    • Tytuł
    • Uszczelnienie systemu podatkowego w Polsce / Find
    • c
    • Pozostałe elementy strefy tytułu i oznaczenia odpowiedzialności (NP)
    • redakcja naukowa Dominik J. Gajewski ; Stefan Babiarz, Stanisław Bogucki, Paweł Borszowski, Jacek Brolik, Małgorzata Dankowska, Anna Drywa, Anna Dumas, Dominik J. Gajewski, Marek Gizicki, Jadwiga Glumińska-Pawlic, Tomasz Grzybowski, Ewa Gwardzińska, Piotr Karwat, Tomasz Kolanowski, Mikołaj Kondej, Ziemowit Kukulski, Monika Laskowska, Jacek Leńczuk, Dominik Mączyński, Witold Modzelewski, Wojciech Morawski, Adam Nita, Szymon Obuchowski, Adam Olczyk, Jakub Pachecka, Bogumił Pahl, Krzysztof Radzikowski, Wojciech Sztuba, Maciej Ślifirczyk, Krzysztof Teszner, Aleksander Werner, Roman Wiatrowski, Jarosław Wierzbicki, Krzysztof Winiarski.
250 -Strefa wydania [ , ]
    • a
    • Oznaczenie wydania (NP)
    • Stan prawny na 31 sierpnia 2020 r.
260 -Strefa adresu wydawniczego [ , ]
    • a
    • Miejsce wydania (P)
    • Warszawa :
    • b
    • Nazwa wydawcy (P)
    • Wolters Kluwer,
    • c
    • Data wydania (P)
    • 2020.
300 -Strefa opisu fizycznego [ , ]
    • a
    • Określenie formy książki i/lub objętość (NP)
    • 538 stron ;
    • c
    • Format (NP)
    • 25 cm.
336 -Typ zawartości [ , ]
    • a
    • Termin opisujący typ zawartości
    • Tekst
    • b
    • Kod określający zawartość
    • txt
    • 2
    • Źródło (terminu i kodu)
    • rdacontent
337 -Typ mediów [ , ]
    • a
    • Tryb odtwarzania
    • Bez urządzenia pośredniczącego
    • b
    • Kod typu mediów
    • n
    • 2
    • Źródło (terminu i kodu)
    • rdamedia
338 -Typ/rodzaj nośnika [ , ]
    • a
    • Hasło opisujące typ nośnika
    • Wolumin
    • b
    • Kod typu nośnika
    • nc
    • 2
    • Źródło (terminu i kodu)
    • rdacarrier
380 -Deskryptor - Forma dzieła (P) [ , ]
    • a
    • forma dzieła (NP)
    • Książki
380 -Deskryptor - Forma dzieła (P) [ , ]
    • a
    • forma dzieła (NP)
    • Publikacje fachowe
380 -Deskryptor - Forma dzieła (P) [ , ]
    • a
    • forma dzieła (NP)
    • Publikacje naukowe
385 -Deskryptor - grupa odbiorców (P) [ , ]
    • a
    • termin określający odbiorcę (P)
    • Prawnicy i prawniczki
385 -Deskryptor - grupa odbiorców (P) [ , ]
    • a
    • termin określający odbiorcę (P)
    • Ekonomiści i ekonomistki
388 -Deskryptor - czas powstania dzieła (P) [1, ]
    • a
    • Czas powstania dzieła (NP)
    • 2001-
490 -Strefa serii i książki wielotomowej - forma nie do wyszukiwania [1, ]
    • a
    • Tytuł (P)
    • Zagadnienia Podatkowe Find
830 -Hasło dodatkowe serii i opisu książki wielotomowej - tytuł ujednolicony/tytuł [ ,0]
    • a
    • Tytuł ujednolicony/tytuł (NP)
    • Zagadnienia Podatkowe
    • 9
    • KHW
    • 92900
504 -Uwaga dot. bibliogr. załącznikowej [ , ]
    • a
    • Uwaga dot. bibliografii załącznikowej
    • Bibliografia przy artykułach.
648 -Hasło przedmiotowe - chronologia [ ,7]
    • a
    • Deskryptor chronologiczny
    • 2001-
    • 2
    • Źródło terminu
    • DBN
    • 9
    • KHW
    • 721449
650 -Hasło przedmiotowe [ ,7]
    • a
    • Hasło przedmiotowe
    • Podatek.
    • 2
    • Źródło terminu
    • kaba
    • 9
    • KHW
    • 124214
650 -Hasło przedmiotowe [ ,7]
    • a
    • Hasło przedmiotowe
    • Prawo podatkowe.
    • 2
    • Źródło terminu
    • kaba
    • 9
    • KHW
    • 125840
650 -Hasło przedmiotowe [ ,7]
    • a
    • Hasło przedmiotowe
    • Podatek
    • z
    • Określnik geograficzny
    • Polska.
    • 2
    • Źródło terminu
    • kaba
    • 9
    • KHW
    • 383322
650 -Hasło przedmiotowe [ ,7]
    • a
    • Hasło przedmiotowe
    • Prawo podatkowe
    • z
    • Określnik geograficzny
    • Polska.
    • 2
    • Źródło terminu
    • kaba
    • 9
    • KHW
    • 351451
650 -Hasło przedmiotowe [ ,7]
    • a
    • Hasło przedmiotowe
    • Finanse publiczne.
    • 2
    • Źródło terminu
    • kaba
    • 9
    • KHW
    • 108821
650 -Hasło przedmiotowe [ ,7]
    • a
    • Hasło przedmiotowe
    • Polityka podatkowa.
    • 2
    • Źródło terminu
    • kaba
    • 9
    • KHW
    • 124674
650 -Hasło przedmiotowe [ ,7]
    • a
    • Hasło przedmiotowe
    • Uchylanie się od opodatkowania.
    • 2
    • Źródło terminu
    • kaba
    • 9
    • KHW
    • 134307
650 -Hasło przedmiotowe [ ,7]
    • a
    • Hasło przedmiotowe
    • Oszustwo podatkowe.
    • 2
    • Źródło terminu
    • kaba
    • 9
    • KHW
    • 122777
650 -Hasło przedmiotowe [ ,7]
    • a
    • Hasło przedmiotowe
    • Podatek
    • 2
    • Źródło terminu
    • DBN
    • 9
    • KHW
    • 724300
650 -Hasło przedmiotowe [ ,7]
    • a
    • Hasło przedmiotowe
    • Finanse publiczne
    • 2
    • Źródło terminu
    • DBN
    • 9
    • KHW
    • 724025
650 -Hasło przedmiotowe [ ,7]
    • a
    • Hasło przedmiotowe
    • Prawo podatkowe
    • 2
    • Źródło terminu
    • DBN
    • 9
    • KHW
    • 723995
650 -Hasło przedmiotowe [ ,7]
    • a
    • Hasło przedmiotowe
    • Unikanie opodatkowania
    • 2
    • Źródło terminu
    • DBN
650 -Hasło przedmiotowe [ ,7]
    • a
    • Hasło przedmiotowe
    • Polityka podatkowa
    • 2
    • Źródło terminu
    • DBN
    • 9
    • KHW
    • 742238
651 -Hasło przedmiotowe w formie nazwy geograficznej [ ,7]
    • a
    • Nazwa geograficzna
    • Polska
    • 2
    • Źródło terminu
    • DBN
    • 9
    • KHW
    • 721438
655 -Hasło w funkcji tematu formalnego [ ,7]
    • a
    • Hasło
    • Praca zbiorowa
    • 2
    • Źródło terminu
    • DBN
    • 9
    • KHW
    • 721444
655 -Hasło w funkcji tematu formalnego [ ,7]
    • a
    • Hasło
    • Opracowanie
    • 2
    • Źródło terminu
    • DBN
    • 9
    • KHW
    • 721206
658 -Ujęcie treści [ , ]
    • a
    • dziedzina nauki i sztuki/ sfera aktywności życiowej
    • Prawo i wymiar sprawiedliwości
658 -Ujęcie treści [ , ]
    • a
    • dziedzina nauki i sztuki/ sfera aktywności życiowej
    • Gospodarka, ekonomia, finanse
658 -Ujęcie treści [ , ]
    • a
    • dziedzina nauki i sztuki/ sfera aktywności życiowej
    • Polityka, politologia, administracja publiczna
700 -Hasło dodatkowe - nazwa osobowa [1, ]
    • a
    • Nazwa osobowa (NP)
    • Gajewski, Dominik. Find
    • e
    • Określenie rodzaju współpracy
    • Autor
    • e
    • Określenie rodzaju współpracy
    • Redakcja
    • 9
    • KHW
    • 570058
700 -Hasło dodatkowe - nazwa osobowa [1, ]
    • a
    • Nazwa osobowa (NP)
    • Babiarz, Stefan. Find
    • e
    • Określenie rodzaju współpracy
    • Autor
    • 9
    • KHW
    • 912
700 -Hasło dodatkowe - nazwa osobowa [1, ]
    • a
    • Nazwa osobowa (NP)
    • Bogucki, Stanisław. Find
    • e
    • Określenie rodzaju współpracy
    • Autor
    • 9
    • KHW
    • 73139
700 -Hasło dodatkowe - nazwa osobowa [1, ]
    • a
    • Nazwa osobowa (NP)
    • Borszowski, Paweł Find
    • d
    • Daty biograficzne (NP)
    • (1972- ).
    • e
    • Określenie rodzaju współpracy
    • Autor
    • 9
    • KHW
    • 24226
700 -Hasło dodatkowe - nazwa osobowa [1, ]
    • a
    • Nazwa osobowa (NP)
    • Brolik, Jacek Find
    • d
    • Daty biograficzne (NP)
    • (1958- ).
    • e
    • Określenie rodzaju współpracy
    • Autor
    • 9
    • KHW
    • 14152
700 -Hasło dodatkowe - nazwa osobowa [1, ]
    • a
    • Nazwa osobowa (NP)
    • Dankowska, Małgorzata. Find
    • e
    • Określenie rodzaju współpracy
    • Autor
    • 9
    • KHW
    • 26810
700 -Hasło dodatkowe - nazwa osobowa [1, ]
    • a
    • Nazwa osobowa (NP)
    • Drywa, Anna Agnieszka. Find
    • e
    • Określenie rodzaju współpracy
    • Autor
    • 9
    • KHW
    • 83160
700 -Hasło dodatkowe - nazwa osobowa [1, ]
    • a
    • Nazwa osobowa (NP)
    • Dumas, Anna. Find
    • e
    • Określenie rodzaju współpracy
    • Autor
    • 9
    • KHW
    • 570065
700 -Hasło dodatkowe - nazwa osobowa [1, ]
    • a
    • Nazwa osobowa (NP)
    • Gizicki, Marek. Find
    • e
    • Określenie rodzaju współpracy
    • Autor
    • 9
    • KHW
    • 570068
700 -Hasło dodatkowe - nazwa osobowa [1, ]
    • a
    • Nazwa osobowa (NP)
    • Glumińska-Pawlic, Jadwiga. Find
    • e
    • Określenie rodzaju współpracy
    • Autor
    • 9
    • KHW
    • 43331
700 -Hasło dodatkowe - nazwa osobowa [1, ]
    • a
    • Nazwa osobowa (NP)
    • Grzybowski, Tomasz Find
    • c
    • Dopowiedzenie inne niż daty biograficzne (NP)
    • (prawo).
    • e
    • Określenie rodzaju współpracy
    • Autor
    • 9
    • KHW
    • 66624
700 -Hasło dodatkowe - nazwa osobowa [1, ]
    • a
    • Nazwa osobowa (NP)
    • Gwardzińska, Ewa. Find
    • e
    • Określenie rodzaju współpracy
    • Autor
    • 9
    • KHW
    • 570061
700 -Hasło dodatkowe - nazwa osobowa [1, ]
    • a
    • Nazwa osobowa (NP)
    • Karwat, Piotr. Find
    • e
    • Określenie rodzaju współpracy
    • Autor
    • 9
    • KHW
    • 92384
700 -Hasło dodatkowe - nazwa osobowa [1, ]
    • a
    • Nazwa osobowa (NP)
    • Kolanowski, Tomasz. Find
    • e
    • Określenie rodzaju współpracy
    • Autor
    • 9
    • KHW
    • 542478
700 -Hasło dodatkowe - nazwa osobowa [1, ]
    • a
    • Nazwa osobowa (NP)
    • Kondej, Mikołaj. Find
    • e
    • Określenie rodzaju współpracy
    • Autor
    • 9
    • KHW
    • 570062
700 -Hasło dodatkowe - nazwa osobowa [1, ]
    • a
    • Nazwa osobowa (NP)
    • Kukulski, Ziemowit. Find
    • e
    • Określenie rodzaju współpracy
    • Autor
    • 9
    • KHW
    • 82107
700 -Hasło dodatkowe - nazwa osobowa [1, ]
    • a
    • Nazwa osobowa (NP)
    • Laskowska, Monika Find
    • c
    • Dopowiedzenie inne niż daty biograficzne (NP)
    • (prawo podatkowe).
    • e
    • Określenie rodzaju współpracy
    • Autor
    • 9
    • KHW
    • 570067
700 -Hasło dodatkowe - nazwa osobowa [1, ]
    • a
    • Nazwa osobowa (NP)
    • Leńczuk, Jacek. Find
    • e
    • Określenie rodzaju współpracy
    • Autor
    • 9
    • KHW
    • 570059
700 -Hasło dodatkowe - nazwa osobowa [1, ]
    • a
    • Nazwa osobowa (NP)
    • Mączyński, Dominik Find
    • d
    • Daty biograficzne (NP)
    • (1975- ).
    • e
    • Określenie rodzaju współpracy
    • Autor
    • 9
    • KHW
    • 813
700 -Hasło dodatkowe - nazwa osobowa [1, ]
    • a
    • Nazwa osobowa (NP)
    • Modzelewski, Witold Find
    • d
    • Daty biograficzne (NP)
    • (1956- ).
    • e
    • Określenie rodzaju współpracy
    • Autor
    • 9
    • KHW
    • 626
700 -Hasło dodatkowe - nazwa osobowa [1, ]
    • a
    • Nazwa osobowa (NP)
    • Morawski, Wojciech Find
    • d
    • Daty biograficzne (NP)
    • (1972- ).
    • e
    • Określenie rodzaju współpracy
    • Autor
    • 9
    • KHW
    • 41814
700 -Hasło dodatkowe - nazwa osobowa [1, ]
    • a
    • Nazwa osobowa (NP)
    • Nita, Adam Find
    • c
    • Dopowiedzenie inne niż daty biograficzne (NP)
    • (prawnik).
    • e
    • Określenie rodzaju współpracy
    • Autor
    • 9
    • KHW
    • 82292
700 -Hasło dodatkowe - nazwa osobowa [1, ]
    • a
    • Nazwa osobowa (NP)
    • Obuchowski, Szymon. Find
    • e
    • Określenie rodzaju współpracy
    • Autor
    • 9
    • KHW
    • 482466
700 -Hasło dodatkowe - nazwa osobowa [1, ]
    • a
    • Nazwa osobowa (NP)
    • Olczyk, Adam. Find
    • e
    • Określenie rodzaju współpracy
    • Autor
    • 9
    • KHW
    • 570066
700 -Hasło dodatkowe - nazwa osobowa [1, ]
    • a
    • Nazwa osobowa (NP)
    • Pachecka, Jakub. Find
    • e
    • Określenie rodzaju współpracy
    • Autor
    • 9
    • KHW
    • 570069
700 -Hasło dodatkowe - nazwa osobowa [1, ]
    • a
    • Nazwa osobowa (NP)
    • Pahl, Bogumił. Find
    • e
    • Określenie rodzaju współpracy
    • Autor
    • 9
    • KHW
    • 43848
700 -Hasło dodatkowe - nazwa osobowa [1, ]
    • a
    • Nazwa osobowa (NP)
    • Radzikowski, Krzysztof Find
    • c
    • Dopowiedzenie inne niż daty biograficzne (NP)
    • (prawnik).
    • e
    • Określenie rodzaju współpracy
    • Autor
    • 9
    • KHW
    • 80351
700 -Hasło dodatkowe - nazwa osobowa [1, ]
    • a
    • Nazwa osobowa (NP)
    • Sztuba, Wojciech. Find
    • e
    • Określenie rodzaju współpracy
    • Autor
    • 9
    • KHW
    • 570064
700 -Hasło dodatkowe - nazwa osobowa [1, ]
    • a
    • Nazwa osobowa (NP)
    • Ślifirczyk, Maciej Find
    • d
    • Daty biograficzne (NP)
    • (1974- ).
    • e
    • Określenie rodzaju współpracy
    • Autor
    • 9
    • KHW
    • 476557
700 -Hasło dodatkowe - nazwa osobowa [1, ]
    • a
    • Nazwa osobowa (NP)
    • Teszner, Krzysztof. Find
    • e
    • Określenie rodzaju współpracy
    • Autor
    • 9
    • KHW
    • 65446
700 -Hasło dodatkowe - nazwa osobowa [1, ]
    • a
    • Nazwa osobowa (NP)
    • Werner, Aleksander Find
    • c
    • Dopowiedzenie inne niż daty biograficzne (NP)
    • (ekonomia).
    • e
    • Określenie rodzaju współpracy
    • Autor
    • 9
    • KHW
    • 16096
700 -Hasło dodatkowe - nazwa osobowa [1, ]
    • a
    • Nazwa osobowa (NP)
    • Wiatrowski, Roman. Find
    • e
    • Określenie rodzaju współpracy
    • Autor
    • 9
    • KHW
    • 570063
700 -Hasło dodatkowe - nazwa osobowa [1, ]
    • a
    • Nazwa osobowa (NP)
    • Wierzbicki, Jarosław. Find
    • e
    • Określenie rodzaju współpracy
    • Autor
    • 9
    • KHW
    • 570060
700 -Hasło dodatkowe - nazwa osobowa [1, ]
    • a
    • Nazwa osobowa (NP)
    • Winiarski, Krzysztof Find
    • c
    • Dopowiedzenie inne niż daty biograficzne (NP)
    • (prawo).
    • e
    • Określenie rodzaju współpracy
    • Autor
    • 9
    • KHW
    • 41058
710 -Hasło dodatkowe - nazwa ciała zbiorowego [2, ]
    • a
    • Nazwa ciała zbiorowego lub nazwa geograficzna jako pierwszy element (NP)
    • Wolters Kluwer Polska.
    • e
    • Rodzaj współpracy
    • Wydawca
    • 4
    • Kod relacji
    • pbl
    • 9
    • KHW
    • 52677
920 -ISBN [ , ]
    • a
    • ISBN
    • 978-83-8223-689-7 Find
Data inwentaryzacji Sygnatura Status udost. Lokalizacja Numer inwentarzowy
2020-12-29 -2BEE.79902
2020-12-29 -2BES.96815
2020-12-21SA.253681BSASA.25368
2022-01-21SAM.1768-3BSASAM.1768